00599nam a22001937a 4500003000500000005001700005008004100022010001000063011001000073035001000083040000900093110008000102245005600182260004700238300002900285490003200314650002700346830003200373CHAP20220329135820.0971013s1976 r 00010 d a42711 a43683 a47819 cCHAP aMéxico. Dirección General de Unidades de Riego para el Desarrollo Rural aTarifas eléctricas para bombeo de agua para riego aMéxico, D.F. :bLa Dirección,c(1976?) aHoja desplegableb: ilus aHoja de divulgaciónv; 1814aElectricidadxTarifas.0 aHoja de divulgaciónv; 18